<?xml version="1.0" encoding="UTF-8"?>
<record
    xmlns:xsi="http://www.w3.org/2001/XMLSchema-instance"
    xsi:schemaLocation="http://www.loc.gov/MARC21/slim http://www.loc.gov/standards/marcxml/schema/MARC21slim.xsd"
    xmlns="http://www.loc.gov/MARC21/slim">

  <leader>01379nam a2200301 a 4500</leader>
  <controlfield tag="001">000024733</controlfield>
  <controlfield tag="005">20250612104112.0</controlfield>
  <controlfield tag="008">110203s2000    mx ad   r     001 0 spa d</controlfield>
  <datafield tag="020" ind1=" " ind2=" ">
    <subfield code="a">9681300890</subfield>
  </datafield>
  <datafield tag="040" ind1=" " ind2=" ">
    <subfield code="a">DO-SdBNP</subfield>
    <subfield code="b">spa</subfield>
    <subfield code="c">BNPHU</subfield>
  </datafield>
  <datafield tag="082" ind1=" " ind2=" ">
    <subfield code="a">158 /131.32</subfield>
    <subfield code="b">S586m</subfield>
  </datafield>
  <datafield tag="100" ind1="1" ind2=" ">
    <subfield code="a">Silva, Jos&#xE9;</subfield>
    <subfield code="9">50742</subfield>
  </datafield>
  <datafield tag="245" ind1="1" ind2="3">
    <subfield code="a">El m&#xE9;todo Silva de control mental /</subfield>
    <subfield code="c">Jos&#xE9; Silva , Philip Miele ; traducci&#xF3;n Emilio E. Guzm&#xE1;n.</subfield>
  </datafield>
  <datafield tag="250" ind1=" " ind2=" ">
    <subfield code="a">11a ed.</subfield>
  </datafield>
  <datafield tag="260" ind1=" " ind2=" ">
    <subfield code="a">M&#xE9;xico, D. F. :</subfield>
    <subfield code="b">Diana,</subfield>
    <subfield code="c">2000.</subfield>
  </datafield>
  <datafield tag="300" ind1=" " ind2=" ">
    <subfield code="a">224 p. :</subfield>
    <subfield code="b">il., diagrs. ;</subfield>
    <subfield code="c">21 cm.</subfield>
  </datafield>
  <datafield tag="500" ind1=" " ind2=" ">
    <subfield code="a">Incluye &#xED;ndice alfab&#xE9;tico.</subfield>
  </datafield>
  <datafield tag="504" ind1=" " ind2=" ">
    <subfield code="a">Incluye referencias bibliogr&#xE1;ficas p. [215-218].</subfield>
  </datafield>
  <datafield tag="534" ind1=" " ind2=" ">
    <subfield code="p">T&#xED;tulo original:</subfield>
    <subfield code="t">The Silva mind control method. The revolutionary program that&#xB4;s changed the lives of over half a million people.</subfield>
    <subfield code="c">New York : simond and Schuster, 1977</subfield>
  </datafield>
  <datafield tag="650" ind1=" " ind2="4">
    <subfield code="a">Autocontrol</subfield>
    <subfield code="9">853</subfield>
  </datafield>
  <datafield tag="650" ind1=" " ind2="0">
    <subfield code="a">Mente y cuerpo</subfield>
    <subfield code="9">2740</subfield>
  </datafield>
  <datafield tag="650" ind1=" " ind2="4">
    <subfield code="a">M&#xE9;todo silva</subfield>
    <subfield code="9">50743</subfield>
  </datafield>
  <datafield tag="650" ind1=" " ind2="0">
    <subfield code="a">Psicolog&#xED;a</subfield>
    <subfield code="9">152</subfield>
  </datafield>
  <datafield tag="700" ind1="1" ind2=" ">
    <subfield code="a">Miele, Philip,</subfield>
    <subfield code="9">50744</subfield>
  </datafield>
  <datafield tag="700" ind1="1" ind2=" ">
    <subfield code="a">Guzm&#xE1;n, Emilio E.,</subfield>
    <subfield code="e">tr.</subfield>
    <subfield code="9">50745</subfield>
  </datafield>
  <datafield tag="856" ind1="4" ind2="2">
    <subfield code="g">URL</subfield>
    <subfield code="d">http://dsclick.infospace.com/ClickHandler.ashx?ru=http%3a%2f%2fak.buy.com%2fPI%2f0%2f500%2f30448856.jpg&amp;coi=372380&amp;cop=main-title&amp;c=facemoods.11.err&amp;ap=3&amp;npp=3&amp;p=0&amp;pp=0&amp;pvaid=25d14b2c9e2d42e483d8e54f1e865cdc&amp;ep=3&amp;euip=200.26.174.18&amp;app=1&amp;hash=E1BFE298D3D8966A382E2A32C5CA5CD0</subfield>
    <subfield code="y">Imagen</subfield>
  </datafield>
  <datafield tag="049" ind1=" " ind2=" ">
    <subfield code="a">BNGR</subfield>
  </datafield>
  <datafield tag="952" ind1=" " ind2=" ">
    <subfield code="0">0</subfield>
    <subfield code="1">0</subfield>
    <subfield code="5">4</subfield>
    <subfield code="7">0</subfield>
    <subfield code="8">MO</subfield>
    <subfield code="a">GR</subfield>
    <subfield code="b">GR</subfield>
    <subfield code="c">CT</subfield>
    <subfield code="d">2011-02-03</subfield>
    <subfield code="i">LF1</subfield>
    <subfield code="l">0</subfield>
    <subfield code="o">158 /131.32 S586m</subfield>
    <subfield code="p">24733-10</subfield>
    <subfield code="r">2020-06-25</subfield>
    <subfield code="w">2020-06-25</subfield>
    <subfield code="y">4</subfield>
    <subfield code="Z">Pr&#xE9;stamo en sala</subfield>
  </datafield>
  <datafield tag="999" ind1=" " ind2=" ">
    <subfield code="c">24226</subfield>
    <subfield code="d">24226</subfield>
  </datafield>
</record>
